LEADER 01149nam0-22003251i-450- 001 990004673480403321 005 19990530 035 $a000467348 035 $aFED01000467348 035 $a(Aleph)000467348FED01 035 $a000467348 100 $a19990530g19739999km-y0itay50------ba 101 0 $aita 105 $ay-------001yy 200 1 $aPseudhippokrates Ueber die Nahrung$eText, Kommentar und Wuerdigung einer stoisch-heraklitisierenden Schrift aus der Zeit um Christi Geburt$fvon Karl 200 1 $aDeichgraeber 210 $aMainz , Wiesbaden$cAkademie der Wissenschaften und der Literatur , Steiner$d1973. 215 $a88 p.$d24 cm 225 1 $aAbhandlungen der Akademie der Wissenschaften und der Literatur . Geistes- und sozialwissenschaftliche Klasse$v1973 3 500 1 $a$921710 700 1$aHippocrates$f<460-370 a. C.>$0157241 702 1$aDeichgraber,$bKarl 801 0$aIT$bUNINA$gRICA$2UNIMARC 801 0$aIT$bUNINA$gRICA$2UNIMARC 901 $aBK 912 $a990004673480403321 952 $aFCL 1359 (73; 3)$bIst.Fil.Cl.1323$fFLFBC 959 $aFLFBC 996 $aDe diaeta$921710 997 $aUNINA LEADER 01191nam--2200349---450 001 990005879390203316 005 20170511152831.0 035 $a000587939 035 $aUSA01000587939 035 $a(ALEPH)000587939USA01 035 $a000587939 100 $a20130808d1932----km-y0itay50------ba 101 0 $aita 102 $aIT 105 $aa---||||001yy 200 1 $aVisioni di terre e storie di popoli$etesto di storia e geografia per le scuole di avviamento professionale$gGiuseppe Scaglioni 210 $aMilano$cMondadori$d1932 215 $a2 volumi (267 p., [12] carte di tav.; 284 p., [5] carte di tav.)$d24 cm 607 0 $aStoria [e] Geografia$xTesti scolastici 676 $a902 700 1$aSCAGLIONI,$bGiuseppe$0617619 801 0$aIT$bsalbc$gISBD 912 $a990005879390203316 951 $aXV.2.B. 323$b4104 F.C.$cXV.2.B.$d00342779 951 $aXV.2.B. 323 2 (II E 290)$b7606 F.C.$cXV.2.B.$d397232 959 $aBK 969 $aCUOMO 979 $aPALERMO$b90$c20130808$lUSA01$h1538 979 $aPALERMO$b90$c20130808$lUSA01$h1539 979 $aPALERMO$b90$c20130902$lUSA01$h1129 996 $aVisioni di terre e storie di popoli$91085095 997 $aUNISA